Countries that Border Hungary - Sudden Death - Statistics

General Stats
  • This quiz has been taken 24 times
  • The average score is 4 of 7
Answers on the Grid
Answers color-coded by a green-red scale on the quiz's grid according to % correct below.
Austria
Croatia
Serbia
Romania
Ukraine
Slovakia
Slovenia
Yugoslavia
Poland
Czech Republic
Bosnia and Herzegovina
Rumania
 
Answer Stats
Answer % Correct
Slovakia
100%
Austria
67%
Slovenia
67%
Ukraine
67%
Croatia
33%
Romania
33%
Serbia
33%
No matching quizzes found
Score Distribution
Percent of People with Each Score
Percentile by Number Answered
Your Score History
You have not taken this quiz